|
|
|
|
| LEADER |
00000nam a2200000Ia 4500 |
| 008 |
171110b2010 cr ||||| |||| 00| | spa d |
| 999 |
|
|
|c 1460
|d 1460
|
| 090 |
|
|
|a 06.02.01
|b 1613
|
| 100 |
1 |
|
|a Montenegro Hernández, María Luisa
|9 951
|
| 245 |
1 |
0 |
|a Estrategia de capacitación censal /
|c María Luisa Montenegro Hernández (coordinadora); Doris Sossa Jara; Julieta Castro Bonilla; Wendy Páez Cerdas
|
| 260 |
|
|
|a San José, Costa Rica :
|b INIE, Centro Centroamericano de Población,
|c 2010
|
| 300 |
|
|
|a 23 páginas
|
| 650 |
1 |
4 |
|9 729
|a CAPACITACIÓN
|
| 650 |
1 |
4 |
|9 547
|a CENSOS
|
| 651 |
|
4 |
|a COSTA RICA
|9 47
|
| 700 |
1 |
|
|a Sossa Jara, Doris
|9 3272
|
| 700 |
1 |
|
|a Páez Cerdas, Wendy
|9 154
|
| 700 |
1 |
|
|a Castro Bonilla, Julieta
|9 1082
|
| 942 |
|
|
|i 001459
|h 06.02.01 1613
|2 z
|c 01
|